Structures and abstractions : An introduction to computer science with Pascal
This books emphasizes on modern software engineering practice. The main issues are procedural and data abstraction, modular and hierachic software design, program structures and data structures, and first glimpses of informal verification and complexity analysis.
Gespeichert in:
| 1. Verfasser: | |
|---|---|
| Format: | Buch |
| Sprache: | Undetermined |
| Veröffentlicht: |
Illinois
Irwin
1994
|
| Schlagworte: | |
| Tags: |
Tag hinzufügen
Keine Tags, Fügen Sie den ersten Tag hinzu!
|
| Thư viện lưu trữ: | Trung tâm Học liệu Trường Đại học Cần Thơ |
|---|
| LEADER | 00876nam a2200205Ia 4500 | ||
|---|---|---|---|
| 001 | CTU_32042 | ||
| 008 | 210402s9999 xx 000 0 und d | ||
| 082 | |a 005.262 | ||
| 082 | |b S172 | ||
| 100 | |a Salmon, Williams I. | ||
| 245 | 0 | |a Structures and abstractions : | |
| 245 | 3 | |b An introduction to computer science with Pascal | |
| 245 | 0 | |c Williams I. Salmon | |
| 260 | |a Illinois | ||
| 260 | |b Irwin | ||
| 260 | |c 1994 | ||
| 520 | |a This books emphasizes on modern software engineering practice. The main issues are procedural and data abstraction, modular and hierachic software design, program structures and data structures, and first glimpses of informal verification and complexity analysis. | ||
| 650 | |a Data structures ( computer science ),Pascal ( computer program language ) | ||
| 904 | |i chi, Qhieu | ||
| 980 | |a Trung tâm Học liệu Trường Đại học Cần Thơ | ||